| 000 | 00923nam a22002895a 4500 | ||
|---|---|---|---|
| 008 | 161121s 2015ii a|||frbd|| 001 0 eng d | ||
| 020 | _a812033986X | ||
| 020 | _a9788120339866 | ||
| 040 |
_beng _dEG-ScBUE |
||
| 082 | 0 | 4 |
_222 _a621.45 _bEAR |
| 100 | 1 |
_941693 _aEarnest, Joshua. |
|
| 245 |
_aWind power plants and project development / _cJoshua Earnest; Tore Wizelius. |
||
| 250 | _a2nd ed., eastern economy ed. | ||
| 260 |
_aNew Delhi : _bPHI Learning Private Limited, _c2011. |
||
| 300 |
_axxiv,504 p. : _bcol. ill. ; _c28 cm. |
||
| 500 | _aGlossary : p. 485-490. | ||
| 500 | _aIndex : p. 501-504. | ||
| 504 | _aBibliography : p. 491-500. | ||
| 590 | _aWessam | ||
| 650 | 7 |
_2BUEsh _911488 _aWind power. |
|
| 650 | 7 |
_928648 _aWind turbines. _2BUEsh |
|
| 651 | _2BUEsh | ||
| 653 |
_bENGGEN _cNovember2016 |
||
| 653 |
_bENGMEC _cNovember2016 |
||
| 700 | 1 |
_941692 _aWizelius, Tore. |
|
| 942 |
_2ddc _e22 _k621.45 EAR |
||
| 999 |
_c23237 _d23209 |
||